Military chaplaincy in an era of religious pluralism : (Record no. 143725)

MARC details
000 -LEADER
fixed length control field 00816nam a22002297a 4500
005 - DATE AND TIME OF LATEST TRANSACTION
control field 20170823154323.0
008 - FIXED-LENGTH DATA ELEMENTS--GENERAL INFORMATION
fixed length control field 170823b xxu||||| |||| 00| 0 eng d
010 ## - LCCN (DPL NO)
LC control number ENG-120038
020 ## - INTERNATIONAL STANDARD BOOK NUMBER
International Standard Book Number 9780199470747
Terms of availability 995.00
020 ## - INTERNATIONAL STANDARD BOOK NUMBER
International Standard Book Number 19947074x
Terms of availability 995.00
035 ## - SYSTEM CONTROL NUMBER
System control number EN-103570
037 ## - SOURCE OF ACQUISITION
Source of stock number/acquisition DBAD/PUB
082 ## - DEWEY DECIMAL CLASSIFICATION NUMBER
Classification number 331.210820954
245 ## - TITLE STATEMENT
Title Military chaplaincy in an era of religious pluralism :
Statement of responsibility, etc edited by Trkel Brekke [and] Valdimir Tikhonov
Remainder of title military-religious nexus in Asia,Europe,and USA /
260 ## - PUBLICATION, DISTRIBUTION, ETC. (IMPRINT)
Place of publication, distribution, etc New Delhi
Name of publisher, distributor, etc Oxford University Press
Date of publication, distribution, etc 2017
270 ## - ADDRESS
Address YMCA Library Building, 1 Jai Singh Road
City New Delhi
Postal code 110001
300 ## - PHYSICAL DESCRIPTION
Extent xv,270p.
Dimensions 23cm (Hb)
500 ## - GENERAL NOTE
General note Includes index
700 ## - ADDED ENTRY--PERSONAL NAME
Personal name Brekke,Trkel
700 ## - ADDED ENTRY--PERSONAL NAME
Personal name Tikhonov,Valdimir
942 ## - ADDED ENTRY ELEMENTS (KOHA)
Source of classification or shelving scheme Dewey Decimal Classification
Item type English Books
Call number suffix MIL
Classification part 355.347095
Holdings
Withdrawn status Lost status Source of classification or shelving scheme Damaged status Not for loan Collection code Home library Current library Date acquired Source of acquisition Cost, normal purchase price Total Checkouts Full call number Barcode Date last seen Copy number Cost, replacement price Koha item type
    Dewey Decimal Classification   Not For Loan Non-fiction D.B.Act.Division Bawana 23/08/2017 DBAD/PUB 995.00   355.347095 MIL EN-103570 23/08/2017 1 995.00 English Books

© Delhi Public Library
Hit Counter
free hit counter